| 000 | 00565nam a2200205Ia 4500 | ||
|---|---|---|---|
| 003 | IN-BaIIA | ||
| 008 | 211028s9999 xx 000 0 eng d | ||
| 020 | _a0-1456-000-2 | ||
| 040 | _cIIA Library | ||
| 080 |
_a621.38 _bCAM |
||
| 100 |
_aCamenzind, H. R _97293 |
||
| 245 | 0 |
_aElectronic integrated systems design _cH. R. Camenzind |
|
| 260 |
_aNew York _bVan Nostrand Reinhold _c1972 |
||
| 300 | _ax, 332p. | ||
| 490 | _aMicroelectronics series | ||
| 650 |
_aElectronics _91576 |
||
| 650 |
_aIntegrated circuits _93314 |
||
| 650 | _aNASA thesaurus | ||
| 942 | _cBK | ||
| 999 |
_c4145 _d4145 |
||